<?xml version="1.0" encoding="UTF-8"?><?xml-stylesheet type="text/xsl" href="static/style.xsl"?><OAI-PMH xmlns="http://www.openarchives.org/OAI/2.0/" xmlns:xsi="http://www.w3.org/2001/XMLSchema-instance" xsi:schemaLocation="http://www.openarchives.org/OAI/2.0/ http://www.openarchives.org/OAI/2.0/OAI-PMH.xsd"><responseDate>2026-06-01T12:20:29Z</responseDate><request verb="GetRecord" identifier="oai:riuma.uma.es:10630/24656" metadataPrefix="marc">https://riuma.uma.es/rest/oai/request</request><GetRecord><record><header><identifier>oai:riuma.uma.es:10630/24656</identifier><datestamp>2026-02-03T12:27:58Z</datestamp><setSpec>com_10630_2254</setSpec><setSpec>col_10630_37959</setSpec></header><metadata><record xmlns="http://www.loc.gov/MARC21/slim" xmlns:dcterms="http://purl.org/dc/terms/" xmlns:doc="http://www.lyncode.com/xoai" xmlns:xsi="http://www.w3.org/2001/XMLSchema-instance" xsi:schemaLocation="http://www.loc.gov/MARC21/slim http://www.loc.gov/standards/marcxml/schema/MARC21slim.xsd">
   <leader>00925njm 22002777a 4500</leader>
   <datafield ind2=" " ind1=" " tag="042">
      <subfield code="a">dc</subfield>
   </datafield>
   <datafield ind2=" " ind1=" " tag="720">
      <subfield code="a">Navas-González, Rafael Jesús</subfield>
      <subfield code="e">author</subfield>
   </datafield>
   <datafield ind2=" " ind1=" " tag="720">
      <subfield code="a">Oballe-Peinado, Óscar</subfield>
      <subfield code="e">author</subfield>
   </datafield>
   <datafield ind2=" " ind1=" " tag="720">
      <subfield code="a">Castellanos-Ramos, Julián</subfield>
      <subfield code="e">author</subfield>
   </datafield>
   <datafield ind2=" " ind1=" " tag="720">
      <subfield code="a">Sánchez-Durán, José Antonio</subfield>
      <subfield code="e">author</subfield>
   </datafield>
   <datafield ind2=" " ind1=" " tag="720">
      <subfield code="a">Rosas-Cervantes, Daniel</subfield>
      <subfield code="e">author</subfield>
   </datafield>
   <datafield ind2=" " ind1=" " tag="260">
      <subfield code="c">2022-06</subfield>
   </datafield>
   <datafield ind2=" " ind1=" " tag="520">
      <subfield code="a">Este trabajo presenta ejemplos de prácticas de&#xd;
Electrónica Digital propuestas como proyectos de diseño para&#xd;
FPGA que pueden ser depurados y/o testados indistintamente&#xd;
en el laboratorio del centro, o bien “on-line” haciendo uso del&#xd;
laboratorio remoto desarrollado por los autores. Esta opción se&#xd;
plantea no tanto como alternativa a la docencia presencial, que&#xd;
podría serlo, sino como complemento a dicha modalidad de&#xd;
docencia, y responde a la demanda creciente de acceder a los&#xd;
recursos del laboratorio fuera del horario docente oficial. La&#xd;
comunicación se completa con el análisis y valoración de la&#xd;
experiencia de uso que han hecho los estudiantes</subfield>
   </datafield>
   <datafield ind1="8" ind2=" " tag="024">
      <subfield code="a">R. Navas-González, Ó. Oballe-Peinado, J. Castellanos-Ramos, D. Rosas-Cervantes, J.A. Sánchez-Duran, "Prácticas de Electrónica Digital para un Laboratorio Remoto Basado en FPGA" el Libro de Actas del XV Congreso de Tecnología, Aprendizaje y Enseñanza de la Electrónica (TAEE22), Teruel (España), Jul. 2022, pp. 200-205.</subfield>
   </datafield>
   <datafield ind1="8" ind2=" " tag="024">
      <subfield code="a">https://hdl.handle.net/10630/24656</subfield>
   </datafield>
   <datafield tag="653" ind2=" " ind1=" ">
      <subfield code="a">Electrónica digital - Congresos</subfield>
   </datafield>
   <datafield tag="653" ind2=" " ind1=" ">
      <subfield code="a">Electrónica digital - Estudio y enseñanza - Congresos</subfield>
   </datafield>
   <datafield ind2="0" ind1="0" tag="245">
      <subfield code="a">Prácticas de Electrónica Digital para un Laboratorio Remoto Basado en FPGA</subfield>
   </datafield>
</record>
</metadata></record></GetRecord></OAI-PMH>